Statistics for 10 Safest Countries in Africa

Click here to take the quiz!

General Stats

  • This quiz has been taken 211 times
  • The average score is 6 of 10

Answer Stats

RankSafe country% Correct
1Botswana
80%
8Morocco
77%
2Namibia
75%
3Seychelles
72%
5Tanzania
65%
9Rwanda
56%
10Gambia
50%
7Ethiopia
49%
6Malawi
49%
4Cote d'Ivoire
35%

Score Distribution

Percentile by Number Answered

Percent of People with Each Score

Your Score History

You have not taken this quiz